000
00247nam a2200109Ia 4500
008
240625s9999 xx 000 0 und d
041
_a
eng
082
_a
658.5 RUS
100
_a
RUSSELL ROBERTA S
245
_a
OPERATIONS MANAGEMENT
260
_c
2009
999
_c
35022
_d
35022